1709 1348 1611 1503 1486 1233 1306 1440 1928 1547 1410 1083 1809 1967 1879 1806 1694 1483 1571 1133 1884 1707 1782 1466 1188 1398 1406 1286 1859 1011 1172 1325 1972 1170 1793 1601 1671 1867 1454 1161 1344 1242 1040 1967 1782 1637 1795 1821 1770 1309 1296 1239 1217 1419 1438 1314 1139 1533 1085 1080 1477 1822 1680 1037 1635 1011 1255 1897 1356 1143 1896 1577 1014 1216 1609 1968 1014 1358 1432 1144 1741 1998 1407 1469 1210 1557 1069 1141 1243 1183 1655 1939 1940 1364 1692 1439 1664 1429 1330 BCNSPRNW ULIB Ver.6.0+V

เปลี่ยนเป็นภาษาไทย

Change to English
 แสดงรายละเอียดบรรณานุกรม
  กลับหน้าหลัก

Brief Record : Get Marc (ISO 2709) : E-mail record : QR code < ปิดหน้าต่าง
LEADER : 00000nam 2200000uu 4500
001    13399113561
003     ULIB
008    111128s2553||||th 000 0 tha d
020    9786160601233
090    ^aนว.^bป445ฟ 2553
100 0  ^aปราณธร
245 00 ^aไฟรักราน /^cปราณธร
250    ^aพิมพ์ครั้งที่ 2
260    ^aกรุงเทพฯ :^bแจ่มใส,^c2553
300    ^a300 หน้า
710 1  ^aแจ่มใส
945    ^p189^l0^i17076
995    ^aกัณชพร
999    ^aใช้งานได้ทุกระบบ
รายการนี้ยังไม่มีแท็ก
คุณยังไม่ได้ล็อกอิน คุณสามารถมีกิจกรรมร่วมกับเว็บไซต์ได้ แต่ต้องล็อกอินก่อน ::
  ล็อกอิน

รายการสื่อสารสนเทศ

ลำดับที่ ประเภท เลขเรียก/บาร์โค้ด สถานที่ สถานะ
1. วิทยาศาสตร์การแพทย์ และสุขภาพ
วิทยาศาสตร์การแพทย์ และสุขภาพ
นว. ป445ฟ 2553  
  Barcode: 17076
ห้องสมุดวิทยาเขตสวรรค์ประชารักษ์
►นวนิยาย
บนชั้น
  ขอยืม

รายการใกล้เคียง
    ผู้แต่ง [ปราณธร]

BibComment


ยังไม่เคยถูกคอมเมนท์

คอมเมนท์ทรัพยากรรายการนี้
  คอมเมนท์: ไฟรักราน ปราณธร


 Copyright 2026. Bcnsprnw @Library